000 00639cam a22002413a 4500
001 1385
003 PGUSA
005 20140828083000.0
008 980701s1998||||xxu|||||s|||||000 1 eng d
040 _aPGUSA
_beng
042 _adc
050 4 _aPS
100 1 _aWister, Owen,
_d1860-1938
245 1 0 _aLin McLean
_h[electronic resource] /
_cOwen Wister
260 _bProject Gutenberg,
_c1998
506 _aPublic domain in the USA.
516 _aElectronic text
653 _aWyoming -- Fiction
653 _aWestern stories
830 0 _aProject Gutenberg
_v1385
856 4 0 _uhttp://www.gutenberg.org/ebooks/1385
942 _cEB
999 _c230733
_d230733